Ontología de Hegel : y teoría de la historicidad /
Saved in:
| Format: | Book |
|---|---|
| Published: |
Barcelona :
Martínez Roca,
1970.
|
| Edition: | 1a ed. |
| Series: | Novocurso;
11 |
| LEADER | 00446nam a22001337a 4500 | ||
|---|---|---|---|
| 003 | AR-BeUNQ | ||
| 005 | 20240325095632.0 | ||
| 999 | |c 36077 |d 119877 | ||
| 245 | |a Ontología de Hegel : |b y teoría de la historicidad / |c Herbert Marcuse. | ||
| 250 | |a 1a ed. | ||
| 260 | |a Barcelona : |b Martínez Roca, |c 1970. | ||
| 490 | 1 | |a Novocurso; |v 11 | |
| 929 | |a DONACION |b Luciano Venezia - Biblioteca Claudio Amor |d 300,00E |e 20220622 |f PAT0078080 |g 3611 |h 1 |o PR |l Estante M | ||
| 942 | |c LIB |n 0 | ||